Marketingový výzkum jako průvodce značek na cestě k udržitelnosti

Moderné značky musia spĺňať potreby zákazníkov, odrážať spoločenské hodnoty a riešiť široké výzvy. Spotrebitelia očakávajú, že spoločnosti uľahčia udržateľné správanie prostredníctvom inovácií a lepších skúseností zákazníkov. Spoločnosti preto musia navrhnúť stratégie ESG zohľadňujúce všetky zainter...

Descrizione completa

Salvato in:
Dettagli Bibliografici
Autore principale: Horáková, Tereza
Natura: Capitolo di libro
Lingua:ceco
Soggetti:
Tags: Aggiungi Tag
Nessun Tag, puoi essere il primo ad aggiungerne!!

MARC

LEADER 00000naa a2200000 4500
001 0297868
005 20240417075258.2
041 0 |a cze 
044 |a CZ 
245 1 0 |a Marketingový výzkum jako průvodce značek na cestě k udržitelnosti  |c Tereza Horáková 
520 |a Moderné značky musia spĺňať potreby zákazníkov, odrážať spoločenské hodnoty a riešiť široké výzvy. Spotrebitelia očakávajú, že spoločnosti uľahčia udržateľné správanie prostredníctvom inovácií a lepších skúseností zákazníkov. Spoločnosti preto musia navrhnúť stratégie ESG zohľadňujúce všetky zainteresované strany a efektívne komunikovať iniciatívy v oblasti udržateľnosti a zároveň zabezpečiť autentickosť a vyhnúť sa podobnosti s inými reklamami ESG. 
610 2 0 |a výskum marketingový 
610 2 0 |a greenwashing 
610 2 0 |a značky 
610 2 0 |a udržateľnosť 
610 2 0 |a spotrebitelia 
100 1 |a Horáková, Tereza